000 00638nam a2200265Ia 4500
003 OSt
005 20221007105930.0
006 a|||||r|||| 00| 0
007 ta
008 221006b |||||||| |||| 00| 0 eng d
024 _a19,930
037 _cTextual
040 _aLCO
_cLCO
_beng
041 _2eng
_aeng
082 _aZ2,181, M2
100 _aPalmer
_9690510
245 0 _aCompany Law
250 _a23rd
260 _aLondon
_bStevens & Sons Ltd. UK
_c1982
300 _a1497
490 _vVol. 11
650 _aCOMPANY LAW
942 _hZ2,181, M2
_cTEXL
999 _c1189493
_d1189493